A court of silver flames / (Record no. 13764)

000 -LEADER
fixed length control field 00704cam a22001818i 4500
020 ## - ISBN
ISBN 9781526635365
020 ## - ISBN
ISBN 9781635576191
082 00 - DEWEY DECIMAL CLASSIFICATION NUMBER
Classification number Fic M112 2021
100 1# - MAIN ENTRY--PERSONAL NAME
Personal name Maas, Sarah J.
245 12 - TITLE STATEMENT
Title A court of silver flames /
Statement of responsibility, etc. by Sarah J. Maas.
260 ## - PUBLICATION, DISTRIBUTION, ETC. (IMPRINT)
Place of publication, distribution, etc. London :
Name of publisher, distributor, etc. Bloomsbury Publishing,
Date of publication, distribution, etc. c2021.
300 ## - PHYSICAL DESCRIPTION
Extent/Page number 757 papes :
Other physical details 20cm.
520 ## - SUMMARY, ETC.
Summary, etc. "Against the sweeping backdrop of a world seared by war and plagued with uncertainty, Nesta and Cassian battle monsters from within and without as they search for acceptance-and healing-in each other's arms"--
Assigning source Provided by publisher.
526 ## - STUDY PROGRAM INFORMATION NOTE
PROGRAM TYPE FICTION
650 ## - SUBJECT ADDED ENTRY--TOPICAL TERM
Topical term or geographic name as entry element Fairies--Juvenile fiction.
650 ## - SUBJECT ADDED ENTRY--TOPICAL TERM
Topical term or geographic name as entry element Fantasy novels.
942 ## - ADDED ENTRY ELEMENTS
Classification
Item type Book
Holdings
Withdrawn status Lost status Source of classification or shelving scheme Damaged status Not for loan Collection code Permanent Location Current Location Shelving location Date acquired Source of acquisition Cost, normal purchase price Inventory number Full call number Barcode Date last seen Copy number Cost, replacement price Price effective from Item type
          Fiction High School Library High School Library Fiction 2025-10-15 Library Budget 699.00 8252 Fic M112 2021 HS8252 2026-01-28 1 1598.00 2025-10-15 Book